| 000 | 00886nam a22002777a 4500 | ||
|---|---|---|---|
| 001 | BR6005050 | ||
| 003 | BR-BrBNA | ||
| 005 | 20230928083219.0 | ||
| 007 | ta | ||
| 008 | 230509b bl.||||| |||| 00| 0 por d | ||
| 040 |
_aBR-BrBNA _bpor _cBiblioteca Nacional de Agricultura |
||
| 041 | _a(Por) | ||
| 072 |
_aH00; Q00; E10 _b1410 _b/G514 |
||
| 090 | _ 1410 BR6005050 | ||
| 110 | 1 |
_aSecretaria da Agricultura do Estado de Sao Paulo, Sao Paulo (Brasil) _98234 |
|
| 111 | 1 |
_a1. Simposio Brasileiro de Feijao _cCampinas, SP (Brazil) _d22 Aug 1971 |
|
| 245 | 1 | _aAnais do 1. Simposio Brasileiro de Feijao [Phaseolus vulgaris] | |
| 260 | 3 |
_aVicosa, MG (Brasil): _bUniversidade Federal de Vicosa, _c1972. |
|
| 300 | _av. 2 | ||
| 650 | _aDefesa vegetal | ||
| 650 | _aBromatologia | ||
| 650 | _aMacroeconomia | ||
| 650 | _aFeijao | ||
| 909 |
_a202309 _bLucia _c55 _dLucia Elande |
||
| 942 | _cBK | ||
| 999 |
_c12186 _d12186 |
||